| 000 -LEADER |
| fixed length control field |
01141cam a2200313 i 4500 |
| 001 - CONTROL NUMBER |
| control field |
16487512 |
| 003 - CONTROL NUMBER IDENTIFIER |
| control field |
OSt |
| 005 - DATE AND TIME OF LATEST TRANSACTION |
| control field |
20160804124822.0 |
| 008 - FIXED-LENGTH DATA ELEMENTS--GENERAL INFORMATION |
| fixed length control field |
101004t20122012caua 000 0 eng |
| 010 ## - LIBRARY OF CONGRESS CONTROL NUMBER |
| LC control number |
2010938455 |
| 020 ## - INTERNATIONAL STANDARD BOOK NUMBER |
| International Standard Book Number |
9781111574093 (pbk.) |
| 040 ## - CATALOGING SOURCE |
| Original cataloging agency |
DLC |
| Language of cataloging |
eng |
| Description conventions |
rda |
| Transcribing agency |
DLC |
| 042 ## - AUTHENTICATION CODE |
| Authentication code |
pcc |
| 050 00 - LIBRARY OF CONGRESS CALL NUMBER |
| Classification number |
QA152.3 |
| Item number |
.B73 2012 |
| 100 1# - MAIN ENTRY--PERSONAL NAME |
| Personal name |
Bracken, Laura, |
| Relator term |
author. |
| 245 10 - TITLE STATEMENT |
| Title |
Elementary algebra / |
| Statement of responsibility, etc. |
Laura J. Bracken, Lewis-Clark State College, Edward S. Miller, Lewis-Clark State College. |
| 250 ## - EDITION STATEMENT |
| Edition statement |
Class test edition. |
| 264 #1 - PRODUCTION, PUBLICATION, DISTRIBUTION, MANUFACTURE, AND COPYRIGHT NOTICE |
| Place of production, publication, distribution, manufacture |
Belmont, CA : |
| Name of producer, publisher, distributor, manufacturer |
Brooks/Cole, Cengage Learning, |
| Date of production, publication, distribution, manufacture, or copyright notice |
[2012] |
| 264 #4 - PRODUCTION, PUBLICATION, DISTRIBUTION, MANUFACTURE, AND COPYRIGHT NOTICE |
| Date of production, publication, distribution, manufacture, or copyright notice |
©2012 |
| 300 ## - PHYSICAL DESCRIPTION |
| Extent |
xiii, 729, APP38, ANS37 pages : |
| Other physical details |
illustrations (chiefly color) ; |
| Dimensions |
28 cm |
| 336 ## - CONTENT TYPE |
| Content type term |
text |
| Content type code |
txt |
| Source |
rdacontent |
| 337 ## - MEDIA TYPE |
| Media type term |
unmediated |
| Media type code |
n |
| Source |
rdamedia |
| 338 ## - CARRIER TYPE |
| Carrier type term |
volume |
| Carrier type code |
nc |
| Source |
rdacarrier |
| 650 #0 - SUBJECT ADDED ENTRY--TOPICAL TERM |
| Topical term or geographic name as entry element |
Algebra |
| Form subdivision |
Textbooks. |
| 700 1# - ADDED ENTRY--PERSONAL NAME |
| Personal name |
Miller, Edward S. |
| Titles and other words associated with a name |
(Professor of mathematics), |
| Relator term |
author. |
| 906 ## - LOCAL DATA ELEMENT F, LDF (RLIN) |
| a |
7 |
| b |
cbc |
| c |
orignew |
| d |
3 |
| e |
epcn |
| f |
20 |
| g |
y-gencatlg |
| 942 ## - ADDED ENTRY ELEMENTS (KOHA) |
| Source of classification or shelving scheme |
|
| Koha item type |
Hard Covered Materials |